| 000 | 00461pab a2200181 454500 | ||
|---|---|---|---|
| 008 | 180718b2012 xxu||||| |||| 00| 0 eng d | ||
| 100 | _aSharma, Kavita | ||
| 245 | _aHigher education: Challenges of globalization and the private sector | ||
| 260 | _c2012 | ||
| 300 | _ap.77-96. | ||
| 362 | _aJul | ||
| 650 | _aPrivate sector | ||
| 650 | _aGlobalization | ||
| 650 | _aHigher education | ||
| 773 | _aJournal of Governance | ||
| 908 | _aN | ||
| 909 | _a98205 | ||
| 999 |
_c98204 _d98204 |
||